US States that almost border - Statistics

General Stats
  • This quiz has been taken 993 times
    688 since last reset
  • The average score is 15 of 19
Answer Stats
Country % Correct
New York
91%
Maine
90%
Vermont
89%
Massachusetts
87%
Rhode Island
87%
Virginia
87%
Delaware
86%
New Jersey
85%
Maryland
84%
Connecticut
83%
Pennsylvania
83%
Michigan
74%
Utah
73%
Arizona
71%
Colorado
71%
New Mexico
70%
Kentucky
69%
Minnesota
65%
Arkansas
59%
No matching quizzes found
Score Distribution
Percent of People with Each Score
Percentile by Number Answered
Your Score History
You have not taken this quiz since the last reset